[Event "NOR-chB"]
[Site "Oslo"]
[Date "2023.07.07"]
[Round "8"]
[White "Gomez Aguirre, Juan Alberto"]
[Black "Hole, Oystein"]
[Result "1/2-1/2"]
[WhiteElo "2157"]
[BlackElo "2267"]
[PlyCount "31"]
[EventDate "2023.06.30"]
[EventType "swiss"]
[EventRounds "9"]
[EventCountry "NOR"]
[SourceTitle "EXT 2024"]
[Source "ChessBase"]
[SourceDate "2023.10.10"]
[SourceVersion "1"]
[SourceVersionDate "2023.10.10"]
[SourceQuality "1"]

1. d4 d5 2. c4 c6 3. cxd5 cxd5 4. Bf4 Nf6 5. e3 Nc6 6. Nc3 e6 7. Bd3 a6 8. Nf3 Bd6 9. Bxd6 Qxd6 10. 0-0 0-0 11. a3 b5 12. b4 Bb7 13. Qd2 Rac8 14. Rac1 Rfd8 15. Rfd1 g6 16. Ne2 1/2-1/2

[Event "NOR-chB"]
[Site "Oslo"]
[Date "2023.07.01"]
[Round "1"]
[White "Hole, Oystein"]
[Black "Royset, Pal"]
[Result "1-0"]
[WhiteElo "2267"]
[BlackElo "2104"]
[PlyCount "125"]
[EventDate "2023.06.30"]
[EventType "swiss"]
[EventRounds "9"]
[EventCountry "NOR"]
[SourceTitle "EXT 2024"]
[Source "ChessBase"]
[SourceDate "2023.10.10"]
[SourceVersion "1"]
[SourceVersionDate "2023.10.10"]
[SourceQuality "1"]

1. Nf3 Nf6 2. c4 e6 3. Nc3 d5 4. d4 Be7 5. Bg5 0-0 6. e3 Nbd7 7. Qc2 c6 8. Rd1 b6 9. Bd3 Bb7 10. cxd5 cxd5 11. 0-0 Rc8 12. Qb1 h6 13. Bh4 a6 14. a4 Nh5 15. Bxe7 Qxe7 16. Rc1 Qb4 17. Bc2 Nhf6 18. Na2 Qd6 19. b4 Ne4 20. Bd3 Ndf6 21. h3 Qd7 22. Qb3 Rxc1 23. Rxc1 Rc8 24. Ne5 Qe8 25. f3 Rxc1+ 26. Nxc1 Qc8 27. Ne2 Nd6 28. Qc3 Qxc3 29. Nxc3 Kf8 30. Kf2 Ke7 31. g4 Nd7 32. Nxd7 Kxd7 33. e4 dxe4 34. fxe4 f6 35. Ke3 Nf7 36. h4 Kd6 37. Bc4 Bc8 38. Ne2 g5 39. h5 Nd8 40. Nc3 Bb7 41. Be2 e5 42. d5 Nf7 43. Nd1 Kc7 44. Nb2 Nd6 45. a5 Bc8 46. Kf3 bxa5 47. bxa5 Nb5 48. Bxb5 axb5 49. Nd3 Kd6 50. Kg3 Kc7 51. Nb4 Bd7 52. Kf3 Bc8 53. a6 Kd6 54. a7 Bb7 55. Na6 Ba8 56. Ke3 Kd7 57. Kd3 Kd6 58. Kc3 Bb7 59. Kb4 f5 60. Nc5 Ba8 61. gxf5 g4 62. Nd3 g3 63. Ne1 1-0

[Event "NOR-ch Master"]
[Site "Larvik"]
[Date "2019.07.11"]
[Round "7"]
[White "Kristiansen, Willy"]
[Black "Hole, Oystein"]
[Result "1/2-1/2"]
[WhiteElo "2118"]
[BlackElo "2293"]
[PlyCount "64"]
[EventDate "2019.07.05"]
[EventType "swiss"]
[EventRounds "9"]
[EventCountry "NOR"]
[SourceTitle "EXT 2024"]
[Source "ChessBase"]
[SourceDate "2023.10.10"]
[SourceVersion "1"]
[SourceVersionDate "2023.10.10"]
[SourceQuality "1"]

1. d4 d5 2. c4 c6 3. Nf3 Nf6 4. e3 Bf5 5. Nc3 e6 6. Bd3 Bg6 7. Ne5 Nbd7 8. Nxg6 hxg6 9. Qe2 Be7 10. Bd2 Qc7 11. h3 0-0 12. 0-0 Rad8 13. Rac1 dxc4 14. Bxc4 e5 15. dxe5 Nxe5 16. Rfd1 Nxc4 17. Qxc4 Rd7 18. Be1 Rfd8 19. Rxd7 Rxd7 20. Rd1 Rxd1 21. Nxd1 b5 22. Qd3 a6 23. a4 Qd6 24. Qxd6 Bxd6 25. axb5 axb5 26. Kf1 Kf8 27. Ke2 Ke7 28. f3 Kd7 29. e4 c5 30. Bc3 Be7 31. Ne3 c4 32. Kd2 Ne8 1/2-1/2

[Event "NOR-ch Master"]
[Site "Larvik"]
[Date "2019.07.07"]
[Round "3"]
[White "Sidali, Elias Hulleberg"]
[Black "Hole, Oystein"]
[Result "0-1"]
[WhiteElo "2041"]
[BlackElo "2293"]
[PlyCount "62"]
[EventDate "2019.07.05"]
[EventType "swiss"]
[EventRounds "9"]
[EventCountry "NOR"]
[SourceTitle "EXT 2024"]
[Source "ChessBase"]
[SourceDate "2023.10.10"]
[SourceVersion "1"]
[SourceVersionDate "2023.10.10"]
[SourceQuality "1"]

1. e4 c6 2. d4 d5 3. Nc3 dxe4 4. Nxe4 Bf5 5. Nc5 b6 6. Nb3 e6 7. Nf3 a5 8. a4 Nf6 9. g3 Bd6 10. Bg2 h6 11. 0-0 0-0 12. Nbd2 Nd5 13. Re1 Nd7 14. Ne4 Bc7 15. c4 Nb4 16. Bd2 Qe7 17. Bc3 Rac8 18. Nh4 Bh7 19. f4 Bxf4 20. d5 cxd5 21. cxd5 Nxd5 22. Bd4 Be5 23. Bxe5 Nxe5 24. Nf2 Qd6 25. Qh5 Nd7 26. Rad1 N7f6 27. Qe2 Qb4 28. Qe5 Rc2 29. Ne4 Nxe4 30. Bxe4 Bxe4 31. Rxe4 Qxb2 0-1

[Event "NOR-ch Master"]
[Site "Larvik"]
[Date "2019.07.05"]
[Round "1"]
[White "Grover, Sigurd Loe"]
[Black "Hole, Oystein"]
[Result "1-0"]
[WhiteElo "2052"]
[BlackElo "2293"]
[PlyCount "74"]
[EventDate "2019.07.05"]
[EventType "swiss"]
[EventRounds "9"]
[EventCountry "NOR"]
[SourceTitle "EXT 2024"]
[Source "ChessBase"]
[SourceDate "2023.10.10"]
[SourceVersion "1"]
[SourceVersionDate "2023.10.10"]
[SourceQuality "1"]

1. c4 c6 2. e4 d5 3. exd5 cxd5 4. cxd5 Nf6 5. Nc3 Nxd5 6. Nf3 e6 7. d4 Be7 8. Bd3 0-0 9. 0-0 Nc6 10. Re1 Nf6 11. a3 b6 12. Bc2 Bb7 13. Qd3 Rc8 14. Bg5 g6 15. Rad1 Nd5 16. Bh6 Re8 17. Bb3 Na5 18. Ba4 Nxc3 19. bxc3 Bc6 20. Bxc6 Rxc6 21. Ne5 Rd6 22. Qf3 f6 23. Nd3 Qc8 24. Nf4 Nc4 25. Nh5 Kf7 26. Ng3 Rd5 27. h4 Bxa3 28. Ne4 Rf5 29. Qe2 Be7 30. Rd3 Rh5 31. Bc1 Rxh4 32. d5 exd5 33. Rxd5 f5 34. Qf3 Kg7 35. Ng3 Bf6 36. Red1 Ne5 37. Qe2 Kg8 1-0

[Event "NOR-chT 1819"]
[Site "Norway"]
[Date "2019.03.10"]
[Round "9.5"]
[White "Lundeby, Oyvind Andersen"]
[Black "Hole, Oystein"]
[Result "1/2-1/2"]
[WhiteElo "2152"]
[BlackElo "2307"]
[PlyCount "46"]
[EventDate "2018.11.02"]
[EventType "team-tourn"]
[EventRounds "9"]
[EventCountry "NOR"]
[SourceTitle "CBM 189 Extra"]
[Source "ChessBase"]
[SourceDate "2019.06.03"]
[SourceVersion "1"]
[SourceVersionDate "2019.06.03"]
[SourceQuality "1"]
[WhiteTeam "Hell"]
[BlackTeam "Akademisk"]
[WhiteTeamCountry "NOR"]
[BlackTeamCountry "NOR"]

1. d4 d5 2. Bf4 Nf6 3. e3 e6 4. Nd2 Bd6 5. Bg3 c5 6. c3 Nc6 7. Ngf3 0-0 8. Bb5 cxd4 9. cxd4 Qc7 10. 0-0 Bxg3 11. hxg3 Qb6 12. Bxc6 bxc6 13. Qc2 Rb8 14. Rab1 Bd7 15. Ne5 Rfc8 16. Nd3 Be8 17. Nc5 Nd7 18. Rfc1 Nxc5 19. Qxc5 Qxc5 20. Rxc5 Kf8 21. b4 Ke7 22. a3 Kd6 23. Rbc1 f6 1/2-1/2

[Event "NOR-chT 1819"]
[Site "Norway"]
[Date "2019.01.12"]
[Round "5.2"]
[White "Flermoen, Peter"]
[Black "Hole, Oystein"]
[Result "1-0"]
[WhiteElo "2316"]
[BlackElo "2307"]
[PlyCount "81"]
[EventDate "2018.11.02"]
[EventType "team-tourn"]
[EventRounds "9"]
[EventCountry "NOR"]
[SourceTitle "CBM 188 Extra"]
[Source "ChessBase"]
[SourceDate "2019.02.26"]
[SourceVersion "1"]
[SourceVersionDate "2019.02.26"]
[SourceQuality "1"]
[WhiteTeam "Alta"]
[BlackTeam "Akademisk"]
[WhiteTeamCountry "NOR"]
[BlackTeamCountry "NOR"]

1. e4 c6 2. d4 d5 3. Nc3 dxe4 4. Nxe4 Bf5 5. Ng3 Bg6 6. Nf3 Nd7 7. h4 h6 8. h5 Bh7 9. Bd3 Bxd3 10. Qxd3 Qc7 11. Bd2 e6 12. 0-0-0 Ngf6 13. Ne4 Nxe4 14. Qxe4 Nf6 15. Qe2 0-0-0 16. g3 Bd6 17. c4 c5 18. Bc3 cxd4 19. Nxd4 a6 20. f4 Bc5 21. Kb1 Rd6 22. Nb3 Rxd1+ 23. Rxd1 Rd8 24. Be5 Qc6 25. Nxc5 Qxc5 26. b3 Rxd1+ 27. Qxd1 Nd7 28. Bd6 Qf5+ 29. Kb2 Nf6 30. Qd4 Qe4 31. Qa7 Ne8 32. Qb8+ Kd7 33. Bb4 Qc6 34. g4 f6 35. Ba5 Qc8 36. Qxc8+ Kxc8 37. Bb4 Kd7 38. Bf8 f5 39. g5 hxg5 40. fxg5 e5 41. Bxg7 1-0

[Event "NOR-chT 1819"]
[Site "Norway"]
[Date "2018.11.02"]
[Round "1.5"]
[White "Hole, Oystein"]
[Black "Salomon, Johan"]
[Result "0-1"]
[WhiteElo "2307"]
[BlackElo "2485"]
[PlyCount "56"]
[EventDate "2018.11.02"]
[EventType "team-tourn"]
[EventRounds "9"]
[EventCountry "NOR"]
[SourceTitle "CBM 188 Extra"]
[Source "ChessBase"]
[SourceDate "2019.02.26"]
[SourceVersion "1"]
[SourceVersionDate "2019.02.26"]
[SourceQuality "1"]
[WhiteTeam "Akademisk"]
[BlackTeam "Nordstrand"]
[WhiteTeamCountry "NOR"]
[BlackTeamCountry "NOR"]

1. Nf3 Nf6 2. c4 e6 3. Nc3 d5 4. d4 Bb4 5. cxd5 exd5 6. Bg5 h6 7. Bh4 0-0 8. e3 Bf5 9. Bd3 Bxd3 10. Qxd3 c6 11. 0-0 Be7 12. Rab1 Nbd7 13. b4 a6 14. a4 Nb6 15. Nd2 Nfd7 16. Bg3 a5 17. b5 c5 18. e4 dxe4 19. Ndxe4 f5 20. Nd6 f4 21. Nxb7 Qc7 22. Qe4 fxg3 23. hxg3 Nf6 24. Qe6+ Kh8 25. Nxc5 Bxc5 26. dxc5 Qxc5 27. Rfc1 Rae8 28. Qa2 Ng4 0-1

[Event "NOR-ch"]
[Site "Sarpsborg"]
[Date "2018.07.13"]
[Round "8"]
[White "Hole, Oystein"]
[Black "Moen, Andreas"]
[Result "1/2-1/2"]
[WhiteElo "2324"]
[BlackElo "2317"]
[PlyCount "41"]
[EventDate "2018.07.06"]
[EventType "swiss"]
[EventRounds "9"]
[EventCountry "NOR"]
[SourceTitle "CBM 185 Extra"]
[Source "ChessBase"]
[SourceDate "2018.07.29"]
[SourceVersion "1"]
[SourceVersionDate "2018.07.29"]
[SourceQuality "1"]

1. Nf3 d5 2. d4 Nf6 3. c4 dxc4 4. e3 e6 5. Bxc4 c5 6. 0-0 a6 7. a4 Nc6 8. Qe2 Be7 9. Rd1 Qc7 10. Nc3 0-0 11. b3 Rd8 12. Bb2 b6 13. d5 exd5 14. Nxd5 Nxd5 15. Bxd5 Bb7 16. Qc4 Rxd5 17. Qxd5 Nd4 18. Qh5 g6 19. Qe5 Bd6 20. Qf6 Be7 21. Qe5 1/2-1/2

[Event "NOR-ch"]
[Site "Sarpsborg"]
[Date "2018.07.06"]
[Round "1"]
[White "Hole, Oystein"]
[Black "Johannessen, Leif Erlend"]
[Result "0-1"]
[WhiteElo "2324"]
[BlackElo "2462"]
[PlyCount "64"]
[EventDate "2018.07.06"]
[EventType "swiss"]
[EventRounds "9"]
[EventCountry "NOR"]
[SourceTitle "CBM 185 Extra"]
[Source "ChessBase"]
[SourceDate "2018.07.29"]
[SourceVersion "1"]
[SourceVersionDate "2018.07.29"]
[SourceQuality "1"]

1. Nf3 d5 2. d4 Nf6 3. c4 e6 4. Nc3 Bb4 5. e3 0-0 6. a3 Bxc3+ 7. bxc3 b6 8. Be2 Ba6 9. cxd5 exd5 10. 0-0 Qc8 11. a4 Ne4 12. Bxa6 Qxa6 13. Qb3 Rd8 14. Nd2 Nxd2 15. Bxd2 Qd3 16. Rfd1 Nc6 17. Be1 Qe2 18. c4 dxc4 19. Qb5 Rd6 20. Rdc1 Rg6 21. Qxc4 Qf3 22. Qf1 Re8 23. Rc3 Ne7 24. Rxc7 Nf5 25. Rac1 Nh4 26. g3 Qe4 27. Qh3 Nf3+ 28. Kf1 Nxd4 29. Qg2 Qd3+ 30. Kg1 Ne2+ 31. Kh1 Nxc1 32. Rxc1 h6 0-1

[Event "NOR-chT 1718"]
[Site "Norway"]
[Date "2018.01.13"]
[Round "5.3"]
[White "Galchenko, Matvey"]
[Black "Hole, Oystein"]
[Result "1-0"]
[WhiteElo "2340"]
[BlackElo "2333"]
[PlyCount "81"]
[EventDate "2017.11.03"]
[EventType "team-tourn"]
[EventRounds "9"]
[EventCountry "NOR"]
[SourceTitle "EXT 2019"]
[Source "ChessBase"]
[SourceDate "2018.10.10"]
[SourceVersion "1"]
[SourceVersionDate "2018.10.10"]
[SourceQuality "1"]
[WhiteTeam "Alta"]
[BlackTeam "Akademisk"]
[WhiteTeamCountry "NOR"]
[BlackTeamCountry "NOR"]

1. e4 c6 2. d4 d5 3. exd5 cxd5 4. Bd3 Nc6 5. c3 Qc7 6. Ne2 Bg4 7. 0-0 e6 8. Qe1 Nf6 9. f3 Bh5 10. Qh4 Bg6 11. Bxg6 fxg6 12. Nf4 Kf7 13. Nd3 Bd6 14. f4 Rhe8 15. Be3 b5 16. Nd2 b4 17. Rac1 Kg8 18. Ne5 Rac8 19. c4 dxc4 20. Rxc4 Qb7 21. Rfc1 Ne7 22. Qe1 Rxc4 23. Ndxc4 Qd5 24. Bf2 a5 25. Nxd6 Qxd6 26. Rc5 Nfd5 27. Nc4 Qd7 28. g3 a4 29. Ne5 Qb7 30. Nd3 Nf5 31. Ra5 Nf6 32. Rxa4 Ng4 33. Rxb4 Qd5 34. Qe2 Nxf2 35. Qxf2 Qxa2 36. Nc5 Rd8 37. g4 Qa5 38. Ra4 Qb5 39. gxf5 gxf5 40. b3 Qe8 41. Qe2 1-0

[Event "NOR-chT 1718"]
[Site "Norway"]
[Date "2017.12.03"]
[Round "3.3"]
[White "Hole, Oystein"]
[Black "Salomon, Johan"]
[Result "0-1"]
[WhiteElo "2333"]
[BlackElo "2476"]
[PlyCount "94"]
[EventDate "2017.11.03"]
[EventType "team-tourn"]
[EventRounds "9"]
[EventCountry "NOR"]
[SourceTitle "CBM 181 Extra"]
[Source "ChessBase"]
[SourceDate "2017.12.12"]
[SourceVersion "1"]
[SourceVersionDate "2017.12.12"]
[SourceQuality "1"]
[WhiteTeam "Akademisk"]
[BlackTeam "Nordstrand"]
[WhiteTeamCountry "NOR"]
[BlackTeamCountry "NOR"]

1. Nf3 d5 2. d4 Nf6 3. c4 e6 4. Nc3 Bb4 5. cxd5 exd5 6. Bg5 h6 7. Bxf6 Qxf6 8. Qa4+ Nc6 9. e3 0-0 10. Be2 Be6 11. 0-0 a6 12. Rfc1 Bd6 13. a3 Ne7 14. b4 c6 15. Qb3 g5 16. Ra2 g4 17. Nd2 h5 18. Nf1 Kg7 19. Na4 Rae8 20. Nc5 Bc8 21. a4 h4 22. b5 axb5 23. axb5 g3 24. fxg3 hxg3 25. Nxg3 Bxg3 26. hxg3 Nf5 27. Rf1 Qg5 28. Rf3 Nxe3 29. bxc6 bxc6 30. Qc3 Bg4 31. Rf4 Bxe2 32. Rxe2 Nf5 33. Qf3 Rxe2 34. Rg4 Rxg2+ 35. Kxg2 Ne3+ 36. Qxe3 Qxg4 37. Qe5+ Kg8 38. Nd7 Qe4+ 39. Qxe4 dxe4 40. Nxf8 Kxf8 41. g4 Ke7 42. Kf2 Kf6 43. Ke3 Kg5 44. Kxe4 Kxg4 45. Ke5 f5 46. Kd6 f4 47. Kxc6 f3 0-1

[Event "NOR-chT 1718"]
[Site "Norway"]
[Date "2017.12.02"]
[Round "2.3"]
[White "Hauge, Lars Oskar"]
[Black "Hole, Oystein"]
[Result "0-1"]
[WhiteElo "2439"]
[BlackElo "2333"]
[PlyCount "60"]
[EventDate "2017.11.03"]
[EventType "team-tourn"]
[EventRounds "9"]
[EventCountry "NOR"]
[SourceTitle "CBM 181 Extra"]
[Source "ChessBase"]
[SourceDate "2017.12.12"]
[SourceVersion "1"]
[SourceVersionDate "2017.12.12"]
[SourceQuality "1"]
[WhiteTeam "OSS"]
[BlackTeam "Akademisk"]
[WhiteTeamCountry "NOR"]
[BlackTeamCountry "NOR"]

1. e4 c6 2. d4 d5 3. Nc3 dxe4 4. Nxe4 Bf5 5. Ng3 Bg6 6. h4 h6 7. Nh3 e6 8. Nf4 Bh7 9. Bc4 Nf6 10. 0-0 Bd6 11. Nxe6 fxe6 12. Bxe6 Qc7 13. Re1 Nbd7 14. Bh3+ Kf8 15. Qf3 Re8 16. Bd2 Bxc2 17. Nh5 Kf7 18. Nf4 Be4 19. Rxe4 Rxe4 20. Qb3+ Ke8 21. Ng6 Rf8 22. Bf5 Re7 23. Qa4 Nd5 24. Nxf8 Kxf8 25. Qxa7 Qb6 26. Qa8+ Re8 27. Qa4 Qxb2 28. Qd1 N7f6 29. Bg6 Re7 30. Be1 Nf4 0-1

[Event "NOR-ch Mester"]
[Site "Stavanger"]
[Date "2017.07.08"]
[Round "9"]
[White "Al Tarbosh, Ward"]
[Black "Hole, Oystein"]
[Result "1/2-1/2"]
[WhiteElo "2258"]
[BlackElo "2325"]
[PlyCount "102"]
[EventDate "2017.07.01"]
[EventType "swiss"]
[EventRounds "9"]
[EventCountry "NOR"]
[SourceTitle "EXT 2018"]
[Source "ChessBase"]
[SourceDate "2017.10.13"]
[SourceVersion "1"]
[SourceVersionDate "2017.10.13"]
[SourceQuality "1"]

1. e4 c6 2. Nf3 d5 3. Nc3 Bg4 4. h3 Bxf3 5. Qxf3 e6 6. d3 Nf6 7. Bd2 Nbd7 8. g4 h6 9. 0-0-0 Qb6 10. Be2 Bd6 11. h4 d4 12. Nb1 Ne5 13. Qg2 Ng6 14. Qf3 Ne5 15. Qg2 Ng6 16. g5 Nf4 17. Qf3 Nxe2+ 18. Qxe2 hxg5 19. hxg5 Rxh1 20. Rxh1 Nd7 21. g6 f6 22. Rh7 Bf8 23. Bh6 gxh6 24. g7 Bxg7 25. Qh5+ Kd8 26. Rxg7 Kc7 27. Qf7 Rd8 28. Qxf6 Qa5 29. Nd2 Qh5 30. b3 Qe2 31. Nb1 h5 32. Qxd4 h4 33. Qe5+ Kc8 34. Qxe6 Qxf2 35. Rh7 Qg1+ 36. Kb2 Qd4+ 37. Nc3 Rh8 38. Qxd7+ Qxd7 39. Rxh8+ Kc7 40. Rxh4 Qd4 41. Rh7+ Kc8 42. a4 b5 43. axb5 cxb5 44. Kb1 Qxc3 45. Rxa7 b4 46. Ra5 Kd7 47. Rd5+ Ke6 48. Kc1 Qe1+ 49. Kb2 Qc3+ 50. Kb1 Qe1+ 51. Kb2 Qc3+ 1/2-1/2

[Event "NOR-chB"]
[Site "Stavanger"]
[Date "2017.07.03"]
[Round "3"]
[White "Hole, Oystein"]
[Black "Tallaksen, Levi Andre"]
[Result "1/2-1/2"]
[WhiteElo "2325"]
[BlackElo "2217"]
[PlyCount "81"]
[EventDate "2017.07.01"]
[EventType "swiss"]
[EventRounds "9"]
[EventCountry "NOR"]
[SourceTitle "CBM 179 Extra"]
[Source "ChessBase"]
[SourceDate "2017.08.23"]
[SourceVersion "1"]
[SourceVersionDate "2017.08.23"]
[SourceQuality "1"]

1. Nf3 e6 2. c4 d5 3. d4 Nf6 4. Nc3 Be7 5. Bg5 0-0 6. e3 b6 7. Be2 Bb7 8. Bxf6 Bxf6 9. cxd5 exd5 10. Qb3 c6 11. 0-0 Na6 12. Rfd1 Nc7 13. Rac1 Qe7 14. Bf1 Rfd8 15. g3 Ne6 16. Bg2 Rab8 17. Rd2 g6 18. Rcd1 Bg7 19. Qc2 Nc7 20. Ne1 Ne8 21. Nd3 Nd6 22. Re2 Ne4 23. b4 Ba6 24. Ree1 Bxd3 25. Qxd3 f5 26. f3 Nxc3 27. Qxc3 Rbc8 28. Qb3 Kh8 29. Kh1 c5 30. dxc5 bxc5 31. bxc5 Rxc5 32. Rd3 d4 33. Red1 Rcd5 34. f4 R5d7 35. Qb5 Bf6 36. Bf3 Qe6 37. Qa4 Qb6 38. exd4 Rxd4 39. Rxd4 Rxd4 40. Rxd4 Qxd4 41. Qxd4 1/2-1/2

[Event "NOR-ch"]
[Site "Tromsoe"]
[Date "2016.07.16"]
[Round "9"]
[White "Hole, Oystein"]
[Black "Haug, Johannes"]
[Result "1/2-1/2"]
[WhiteElo "2332"]
[BlackElo "2318"]
[PlyCount "90"]
[EventDate "2016.07.09"]
[EventType "swiss"]
[EventRounds "9"]
[EventCountry "NOR"]
[SourceTitle "CBM 173 Extra"]
[Source "ChessBase"]
[SourceDate "2016.08.29"]
[SourceVersion "1"]
[SourceVersionDate "2016.08.29"]
[SourceQuality "1"]

1. Nf3 f5 2. c4 Nf6 3. Nc3 d6 4. d4 g6 5. g3 Bg7 6. Bg2 0-0 7. 0-0 Qe8 8. d5 Na6 9. Rb1 Nc5 10. Nd4 a5 11. b3 Bd7 12. a3 c6 13. Bb2 e5 14. dxe6 Nxe6 15. Nxe6 Qxe6 16. Re1 Rae8 17. e4 fxe4 18. Nxe4 Nxe4 19. Rxe4 Qf5 20. Rf4 Qe6 21. Rxf8+ Rxf8 22. Bxg7 Kxg7 23. Qd2 Re8 24. Qxa5 Qf5 25. Qc3+ Qe5 26. Qd2 Re7 27. Rd1 Bf5 28. h3 h5 29. Qxd6 Qxd6 30. Rxd6 Re1+ 31. Kh2 Ra1 32. b4 Rxa3 33. b5 Ra2 34. f3 cxb5 35. cxb5 Rb2 36. g4 hxg4 37. hxg4 Bc8 38. b6 Kf7 39. Kg3 Be6 40. f4 Ke7 41. Rd4 Bxg4 42. Bxb7 Rxb6 43. Kxg4 Rxb7 44. Kg5 Kf7 45. f5 gxf5 1/2-1/2

[Event "NOR-ch"]
[Site "Oslo"]
[Date "2015.07.07"]
[Round "5"]
[White "Hole, Oystein"]
[Black "Skrondal, Inge Sandstad"]
[Result "1-0"]
[WhiteElo "2348"]
[BlackElo "2271"]
[PlyCount "86"]
[EventDate "2015.07.04"]
[EventType "swiss"]
[EventRounds "9"]
[EventCountry "NOR"]
[SourceTitle "CBM 167 Extra"]
[Source "ChessBase"]
[SourceDate "2015.09.14"]
[SourceVersion "1"]
[SourceVersionDate "2015.09.14"]
[SourceQuality "1"]

1. Nf3 g6 2. e4 Bg7 3. d4 d6 4. c3 Nc6 5. d5 Ne5 6. Nxe5 Bxe5 7. Be3 e6 8. Bb5+ Bd7 9. Qb3 c6 10. Bc4 exd5 11. exd5 c5 12. 0-0 Ne7 13. Re1 0-0 14. Bxc5 Nf5 15. Rxe5 dxc5 16. Nd2 b5 17. Bf1 c4 18. Qd1 Nd6 19. Qf3 Rc8 20. g3 a5 21. a3 Kg7 22. Rae1 Qf6 23. Qe3 Rfe8 24. f4 a4 25. h3 h5 26. Nf3 Nf5 27. Qf2 Qd6 28. g4 hxg4 29. hxg4 Nh6 30. Qd4 f6 31. Rxe8 Rxe8 32. Rxe8 Bxe8 33. g5 Nf5 34. gxf6+ Qxf6 35. Qe5 Bf7 36. Bg2 Qxe5 37. Nxe5 Be8 38. Kf2 Kf6 39. Bh3 g5 40. Bxf5 Kxf5 41. d6 Ke6 42. d7 Bxd7 43. Nxd7 gxf4 1-0

[Event "NOR-chT 1415"]
[Site "Norway"]
[Date "2015.03.08"]
[Round "11"]
[White "Hole, Oystein"]
[Black "Neiksans, Arturs"]
[Result "0-1"]
[WhiteElo "2353"]
[BlackElo "2567"]
[PlyCount "66"]
[EventDate "2014.10.31"]
[EventType "team-tourn"]
[EventRounds "11"]
[EventCountry "NOR"]
[SourceTitle "EXT 2016"]
[Source "ChessBase"]
[SourceDate "2015.10.08"]
[SourceVersion "1"]
[SourceVersionDate "2015.10.08"]
[SourceQuality "1"]
[WhiteTeam "Oslo Akademisk"]
[BlackTeam "Stavanger"]
[WhiteTeamCountry "NOR"]
[BlackTeamCountry "NOR"]

1. Nf3 Nf6 2. c4 e6 3. Nc3 Bb4 4. Qc2 0-0 5. a3 Bxc3 6. Qxc3 b6 7. e3 Bb7 8. Be2 Ne4 9. Qc2 Ng5 10. b3 c5 11. Bb2 Nxf3+ 12. gxf3 d5 13. d4 cxd4 14. Bxd4 Nc6 15. Bb2 dxc4 16. Qxc4 e5 17. Rg1 Rc8 18. Rd1 Qe7 19. Qg4 f5 20. Bc4+ Kh8 21. Qg5 Rf6 22. f4 b5 23. Bxe5 bxc4 24. Bxf6 gxf6 25. Qxf5 Rf8 26. b4 Nb8 27. Rd4 Qf7 28. Ke2 c3 29. Rc1 Bc8 30. Qd5 Be6 31. Qd6 Rc8 32. Re4 Qh5+ 33. Ke1 Rg8 0-1

[Event "NOR-ch"]
[Site "Trondheim"]
[Date "2014.07.18"]
[Round "8"]
[White "Moen, Andreas"]
[Black "Hole, Oystein"]
[Result "1-0"]
[WhiteElo "2362"]
[BlackElo "2351"]
[PlyCount "57"]
[EventDate "2014.07.12"]
[EventType "swiss"]
[EventRounds "9"]
[EventCountry "NOR"]
[SourceTitle "EXT 2015"]
[Source "ChessBase"]
[SourceDate "2014.11.20"]
[SourceVersion "1"]
[SourceVersionDate "2014.11.20"]
[SourceQuality "1"]

1. e4 c6 2. d4 d5 3. Nd2 dxe4 4. Nxe4 Bf5 5. Ng3 Bg6 6. Nh3 e6 7. Nf4 Bd6 8. h4 Qc7 9. Qf3 Bxc2 10. Ngh5 Bf8 11. Bd2 Nd7 12. Rc1 Bg6 13. Ng3 Ne7 14. Bc4 Nb6 15. Bb3 Qd6 16. 0-0 Nbd5 17. h5 Bf5 18. Nxd5 Nxd5 19. Nxf5 exf5 20. Rfe1+ Be7 21. Bxd5 cxd5 22. a3 0-0 23. Bb4 Qb6 24. Rxe7 Qxd4 25. Qxf5 Qxb2 26. Rcc7 a5 27. Bc3 Qc1+ 28. Kh2 Qxa3 29. Qe5 1-0

[Event "NOR-chT 1314"]
[Site "Norway"]
[Date "2014.03.23"]
[Round "9.4"]
[White "Hole, Oystein"]
[Black "Johannessen, Leif Erlend"]
[Result "0-1"]
[WhiteElo "2347"]
[BlackElo "2528"]
[PlyCount "80"]
[EventDate "2013.11.01"]
[EventType "team-tourn"]
[EventRounds "9"]
[EventCountry "NOR"]
[SourceTitle "EXT 2015"]
[Source "ChessBase"]
[SourceDate "2014.11.20"]
[SourceVersion "1"]
[SourceVersionDate "2014.11.20"]
[SourceQuality "1"]
[WhiteTeam "Akademisk"]
[BlackTeam "OSS"]
[WhiteTeamCountry "NOR"]
[BlackTeamCountry "NOR"]

1. Nf3 d5 2. d4 Nf6 3. c4 c6 4. Nc3 dxc4 5. a4 Bf5 6. Nh4 e6 7. Nxf5 exf5 8. e3 Bb4 9. Bxc4 0-0 10. Qc2 g6 11. 0-0 Nbd7 12. f3 Rc8 13. Ba2 c5 14. Kh1 Nb6 15. dxc5 Bxc5 16. e4 fxe4 17. Bg5 Be7 18. fxe4 Ng4 19. Rad1 Bxg5 20. Rxd8 Rcxd8 21. Qb3 Ne5 22. Qb5 Nbd7 23. Qxb7 Nc5 24. Qxa7 Ncd3 25. Bd5 Rd7 26. Qd4 Be7 27. Qe3 Rb8 28. Rxf7 Nxf7 29. Qxd3 Bf6 30. b3 Rxb3 31. g3 Rxc3 32. Qa6 Kg7 33. a5 Rdc7 34. Qb6 Ng5 35. Kg2 Rc2+ 36. Kf1 Rc1+ 37. Ke2 R7c2+ 38. Kd3 Rc3+ 39. Ke2 R1c2+ 40. Kf1 Ra3 0-1

[Event "NOR-ch"]
[Site "Lillehammer"]
[Date "2013.07.05"]
[Round "8"]
[White "Tari, Aryan"]
[Black "Hole, Oystein"]
[Result "1/2-1/2"]
[WhiteElo "2354"]
[BlackElo "2353"]
[PlyCount "107"]
[EventDate "2013.06.29"]
[EventType "swiss"]
[EventRounds "9"]
[EventCountry "NOR"]
[SourceTitle "CBM 155 Extra"]
[Source "ChessBase"]
[SourceDate "2013.08.26"]
[SourceVersion "1"]
[SourceVersionDate "2013.08.26"]
[SourceQuality "1"]

1. e4 c6 2. d4 d5 3. e5 Bf5 4. h4 h5 5. c4 e6 6. Nc3 Nd7 7. cxd5 cxd5 8. Bd3 Ne7 9. Nb5 Nc6 10. Bxf5 exf5 11. Ne2 a6 12. Nbc3 Nb6 13. Nf4 g6 14. e6 Bg7 15. Be3 Qd6 16. exf7+ Kxf7 17. 0-0 Rad8 18. a4 a5 19. Nb5 Qf6 20. Nh3 Qxh4 21. Bg5 Qg4 22. f3 Qg3 23. Bf4 Qh4 24. Ng5+ Kf6 25. g3 Qxg5 26. Bxg5+ Kxg5 27. Re1 Rhe8 28. Qd2+ Kf6 29. b3 Bf8 30. Nc7 Bb4 31. Nxe8+ Rxe8 32. Qxb4 axb4 33. Rxe8 Nxd4 34. Kg2 Nxb3 35. Rb1 Nc5 36. Rxb4 Nbxa4 37. Ra8 Nc3 38. Ra5 b5 39. Ra3 N5a4 40. Kf2 Ke5 41. Ke3 d4+ 42. Kd3 Nc5+ 43. Kc2 N5a4 44. Ra1 Kd5 45. Kd3 Nc5+ 46. Kd2 N5a4 47. Rxb5+ Nxb5 48. Rxa4 Nc7 49. Ra5+ Kc4 50. Re5 d3 51. Re7 Nd5 52. Re6 g5 53. Rh6 Kd4 54. Re6 1/2-1/2